00691nam a22002417a 450000500170000001000110001702000100002803500110003803700160004904000120006508200160007710000210009324500440011425000120015826000520017027000580022230000330028049000600031350000190037365000210039265000130041370000230042620170124110009.0 a993218 c00.00 a993218 bCen Lib/Ret aDPLbEN a330.15bHAN aHansen, Alvin H. aA guide to keynes /cby Alvin H. Hansen aTMH ed. aNew DelhibMcGraw-Hill Publishing Companyc1980 a5/33, Kriti Nagar Industrial AreabNew Delhie1100015 axiii, 237p. :c20cm(Hb)bill aEconomics handbook series ; edited by Seymour E. Harris aIncludes index aEconomic history aCommerce aHarris, Seymour E.